000 00589nam a2200241Ia 4500
003 OSt
005 20221005114321.0
006 a|||||r|||| 00| 0
007 ta
008 221004b |||||||| |||| 00| 0 tel d
024 _a39986
037 _cTextual
040 _aCRL
_cCRL
_btel
041 _2tel
_atel
082 _aO35,3NRA7,1, L9
100 _aRajeswari
_9220835
245 0 _aAridani ananda
260 _c1979
300 _a144p.
_ccm.
650 _aTELUGU LITERATURE
942 _hO35,3NRA7,1, L9
_cTEXL
_2cc
999 _c1030950
_d1030950